Précis de Chimie Physique / (Record no. 120659)
[ view plain ]
| 000 -LEADER | |
|---|---|
| campo de control de longitud fija | 00406nam a2200145 4500 |
| 001 - NÚMERO DE CONTROL | |
| campo de control | 120659 |
| 003 - IDENTIFICADOR DE NÚMERO DE CONTROL | |
| campo de control | ES-MaACL |
| 007 - CAMPO FIJO DE DESCRIPCIÓN FÍSICA--INFORMACIÓN GENERAL | |
| campo de control de longitud fija | t| |
| 008 - DATOS DE LONGITUD FIJA--INFORMACIÓN GENERAL | |
| campo de control de longitud fija | 070214s1906 fr r ||||1| fre d |
| 100 1# - ENTRADA PRINCIPAL--NOMBRE DE PERSONA | |
| Nombre de persona | Pozzi-Escot, Emm. |
| 9 (RLIN) | 93566 |
| 245 10 - MENCIÓN DEL TÍTULO | |
| Título | Précis de Chimie Physique / |
| Mención de responsabilidad, etc. | par M. Emm. Pozzi-Escot. |
| 260 ## - PUBLICACIÓN, DISTRIBUCIÓN, ETC. | |
| Lugar de publicación, distribución, etc. | Paris : |
| Nombre del editor, distribuidor, etc. | Jules Rousset, |
| Fecha de publicación, distribución, etc. | 1906. |
| 300 ## - DESCRIPCIÓN FÍSICA | |
| Extensión | XI, 231 p. : |
| Otras características físicas | il. ; |
| Dimensiones | 23 cm. |
| 852 ## - LOCALIZACIÓN | |
| Ubicación | ES-MaACL |
| Número de control de estantería | B-5199 |
| Estatus retirado | Estado de pérdida | Estado de daño | No para préstamo | Biblioteca de origen | Biblioteca actual | Ubicación en estantería | Fecha de adquisición | Fuente de adquisición | Total de préstamos | Signatura topográfica completa | Código de barras | Visto por última vez | Precio de reemplazo | Tipo de ítem Koha |
|---|---|---|---|---|---|---|---|---|---|---|---|---|---|---|
| Biblioteca del Ateneo de Madrid | Biblioteca del Ateneo de Madrid | Sala Pardo Bazán | 17/01/2008 | B-5199 | 1125766 | 23/02/2023 | 23/02/2023 | Libro impreso |
